000 00706nam a22002057a 4500
999 _c7806
_d7806
003 AR-CdUCM
008 190321b ||||| |||| 00| 0 spa d
040 _aMUNICIPALIDAD PROVINCIAL DEL CUSCO
_cBIBLIOTECA MUNICIPAL DEL CUSCO
082 _a347.3 /
_bB23
100 _aBarreto Muga, Augusto
_922065
245 _aManual de los contratos de sociedades mercantiles y civiles /
260 _aLima :
_bFecat,
_c1990.
300 _a622 páginas ;
_c21 cm.
505 _aContenido : Introducción -- Sociedades -- Quiebra mercantil -- Legislación sobre quiebra -- Empresas ...
650 _aSociedad
_953
650 _aContratos
_98317
650 _aMercantiles
_922066
942 _2ddc
_cLIBROS
945 _arah